=LDR 00000nam 2200000 4500 =001 INLIS000000000810445 =005 20251210085423 =035 ##$$a 0010-1225000083 =100 ##$$a Syaikh Abdurrahman bin Hasan Alu asy-Syaikh =245 1#$$a Fathul Majid =250 ##$$a Indonesia =260 ##$$a Jakarta :$b Darul Haq,$c 2010 =300 ##$$a 1viii, 1300 hlm. : $b ill. ; $c 24 cm =490 ##$$a Penjelasan Lengkap Kitab Tauhid dan Dilengkapi Takhrij Hadits-Hadits Yang Di permasalahkan Dalam Kitab Tauhid =020 ##$$a 978-979-1286-10-7 =041 ##$$a Indonesia =084 ##$$a R 297.211 ABD f =007 ta =008 251210###########################0###### =082 ##$$a 297.211